| 000 | 01414cam a22002054a 4500 | ||
|---|---|---|---|
| 005 | 20250605164124.0 | ||
| 008 | 250528s ||||||||||||||||||||||||d | ||
| 035 | _a18391 | ||
| 020 | _a133121828 | ||
| 040 |
_aGR-AtMCL _bgre _dGR-AtMCL _eAACR2 |
||
| 245 | 1 | _aFundamentals of Modern Manufacturing / Materials, Processes, and Systems | |
| 260 |
_bPrentice Hall, _c1996 |
||
| 300 | _a1064 | ||
| 505 | 0 | _aPreface, Introduction, Material Properties and Product5 Attributes and Related Phenomena, Engineering Materials, Casting and Molding and Related Processes, Particulate Processing for Metals and Ceramics. Metal Forming and Sheet Metalworking, Material Removal Processes, Joining and Assembly Processes, Surface Processing Operations, Electronics Manufacturing Technologies, Automated and Production Systems, Support Functions in Manufacturing, Index. | |
| 520 | _aPreface, Introduction, Material Properties and Product5 Attributes and Related Phenomena, Engineering Materials, Casting and Molding and Related Processes, Particulate Processing for Metals and Ceramics. Metal Forming and Sheet Metalworking, Material Removal Processes, Joining and Assembly Processes, Surface Processing Operations, Electronics Manufacturing Technologies, Automated and Production Systems, Support Functions in Manufacturing, Index. | ||
| 700 | 1 |
_aGroover Mikell P _94667 |
|
| 942 | _cBK | ||
| 999 |
_c3753 _d3753 |
||